000 00302nam a22001337a 4500
008 170602b xxu||||| |||| 00| 0 eng d
020 _a2900321089044
041 _aeng
080 _29TH
_a94(100)
100 _a17
101 _aSHH
245 _aWORLD TRADE AND PAYMENTS
_cCAVES,R.E
942 _2udc
_cBK
999 _c15617
_d15617